DJ Mag 100 #Winners - Statistics

General Stats
  • This quiz has been taken 34 times
    25 since last reset
  • The average score is 19 of 27
Answer Stats
Year Answer Country % Correct
2022 Martin Garrix The Netherlands
95%
2018 Martin Garrix The Netherlands
95%
2017 Martin Garrix The Netherlands
95%
2016 Martin Garrix The Netherlands
95%
2012 Armin van Buuren The Netherlands
89%
2010 Armin van Buuren The Netherlands
89%
2009 Armin van Buuren The Netherlands
89%
2008 Armin van Buuren The Netherlands
89%
2007 Armin van Buuren The Netherlands
89%
2021 David Guetta France
89%
2004 Tiësto The Netherlands
89%
2003 Tiësto The Netherlands
89%
2002 Tiësto The Netherlands
89%
2020 David Guetta France
84%
2011 David Guetta France
84%
2019 Dimitri Vegas & Like Mike Belgium
79%
2015 Dimitri Vegas & Like Mike Belgium
79%
2014 Hardwell The Netherlands
79%
2013 Hardwell The Netherlands
79%
1997 Carl Cox United Kingdom
53%
1996 Carl Cox United Kingdom
53%
2006 Paul van Dyk Germany
47%
2005 Paul van Dyk Germany
47%
1999 Paul Oakenfold United Kingdom
21%
1998 Paul Oakenfold United Kingdom
21%
2000 Sasha United Kingdom
11%
2001 John Digweed United Kingdom
0%
No matching quizzes found
Score Distribution
Percent of People with Each Score
Percentile by Number Answered
Your Score History
You have not taken this quiz since the last reset